Republikový rekvalifikačný kurz pre oblasť poisťovníctva.

Prvé dva rekvalifikačné kurzy pre oblasť poisťovníctva v Bratislave v 1992 pre nezamestnaných občanov SR uchádzajúcich sa o prácu v oblasti poisťovníctva. Obsah kurzu, učebné pomôcky, sociálno-psychologický výcvik. Možnosti uplatnenia absolventov týchto kurzov. Budúcnosť vzdelávania pre oblasť poisť...

Description complète

Enregistré dans:
Détails bibliographiques
Format: Chapitre de livre
Langue:slovaque
Sujets:
Tags: Ajouter un tag
Pas de tags, Soyez le premier à ajouter un tag!

MARC

LEADER 00000naa a2200000 4500
001 r011925
005 20220826093900.5
041 0 |a slo 
044 |a CZ 
245 1 0 |a Republikový rekvalifikačný kurz pre oblasť poisťovníctva. 
520 |a Prvé dva rekvalifikačné kurzy pre oblasť poisťovníctva v Bratislave v 1992 pre nezamestnaných občanov SR uchádzajúcich sa o prácu v oblasti poisťovníctva. Obsah kurzu, učebné pomôcky, sociálno-psychologický výcvik. Možnosti uplatnenia absolventov týchto kurzov. Budúcnosť vzdelávania pre oblasť poisťovníctva. 
610 2 0 |a poisťovníctvo 
610 2 0 |a kurzy 
610 2 0 |a rekvalifikácia 
610 2 0 |a Slovensko 
610 2 0 |a 1992 
610 2 0 |a nezamestnanosť